000
00182 a2200097 4500
001
19291
100
_a
Abbey, S
245
_a
260
_a
_b
Mc Graw Hill
_c
090
_c
14166
_d
14166
942
_a
NUST-CAE
_c
M
_c
4632
999
_c
254364
_d
254364